000 00859cam a22001814a 4500
005 20250605164403.0
008 250528s ||||||||||||||||||||||||d
035 _a24692
040 _aGR-AtMCL
_bgre
_dGR-AtMCL
_eAACR2
245 1 _aΟ Σταϊκούρας Επιλέγει 25% Εφάπαξ Μείωση στην Προκαταβολή Φόρου τον Ιούνιο / Στο Τραπέζι η Μείωση και του Εταιρικού ΕΝΦΙΑ
260 _bMotori Επε,
_c2020
300 _a45
520 _aΑποκαλύπτουμε τη Διαδρομή του Χρήματος, Ο Μητσοτάκης Πάει και Μόσχα - Μόνος του ο 'Σουλτάνος', Τώρα στην Ελλάδα και σε... Bitcoin.
700 1 _aΚανουπάκης Γιάννης
_99504
942 _cCR
999 _c9559
_d9559